Statistics for Common Things With One "Horn"

Click here to take the quiz!

General Stats

  • This quiz has been taken 24 times
    (12 since last reset)
  • The average score is 3 of 8

Answer Stats

Answer% Correct
A Unicorn
100%
A Car
63%
An Indian Rhinoceros
63%
Bicycle
38%
A Narwhal
25%
A Ship
25%
Horn of Africa
25%
Horn of Plenty
0%

Score Distribution

Percentile by Number Answered

Percent of People with Each Score

Your Score History

You have not taken this quiz since the last reset